000 01538cac a22003735i 4500
003 EG-ScBUE
005 20250227094953.0
008 150813t2006 nyua f 001 0 eng d
020 _a0071459324 (pbk.)
020 _a9780071459327
040 _aEG-ScBUE
_beng
_erda
_cEG-ScBUE
_dEG-ScBUE
082 0 4 _a519.5076
_bSTE
_222
100 1 _aStephens, Larry J.,
_eauthor.
245 1 0 _aSchaum’s outline of theory and problems of beginning statistics /
_cLarry J. Stephens, Ph.D., Professor of Mathematics, University of Nebraska at Omaha.
246 3 0 _aTheory and problems of beginning statistics
246 3 0 _aBeginning statistics
250 _aSecond edition.
264 1 _aNew York :
_bMcGraw-Hill,
_c[2006]
264 4 _cc2006
300 _axiii, 413 pages :
_billustrations ;
_c28 cm.
336 _2rdacontent
_atext
_btxt
337 _aunmediated
_2rdamedia
_bn
338 _avolume
_bnc
_2rdacarrier
490 0 _aSchaum's outline series
500 _aIncludes index.
500 _aIncludes appendix.
590 _aDoha Ragab
650 7 _aMathematical statistics
_vOutlines, syllabi, etc.
_2BUEsh
_941269
650 7 _aMathematical statistics
_vProblems, exercises, etc.
_2BUEsh
_941268
856 4 1 _3Table of contents only
_uhttp://www.loc.gov/catdir/toc/fy0705/2006275946.html
856 4 1 _3Contributor biographical information
_uhttp://www.loc.gov/catdir/enhancements/fy0668/2006275946-b.html
856 4 1 _3Publisher description
_uhttp://www.loc.gov/catdir/enhancements/fy0668/2006275946-d.html
942 _cBB
_2ddc
999 _c8386
_d8386